000 01125nam a2200289Ia 4500
003 OSt
005 20221005110603.0
006 a|||||r|||| 00| 0
007 ta
008 221004b |||||||| |||| 00| 0 hin d
020 _a9788126316564 (hbk)
_c600
024 _a7975
037 _b253, 24/10/2013, Swaraj Prakashan
_cTextual
040 _aCRL
_cCRL
_bhin
041 _2hin
_ahin
082 _aO153,3N20,NJ, 152P9
100 _aधीर, संतोड्ढ सिंह
245 0 _aनया जन्म
246 _aNayā janma
260 _aनई दिल्ली
_bभारतीय ज्ञानपीठ भारत
_c2009
300 _a375पृ0
_ccm.
490 _aराष्ट्रभारती; ग्रन्थांक 971
650 _aहिन्दी साहित्य
700 _a रंजन, घनश्याम, अनु.
942 _hO153,3N20,NJ, 152P9
_cTEXL
_2cc
999 _c1019290
_d1019290